| 000 | 00693cam a2200205 a 4500 | ||
|---|---|---|---|
| 020 | _a9579539049 | ||
| 040 | _cDLC | ||
| 082 | 0 | 0 | _a636 TAI 1991 C156 Or. |
| 245 | 0 | 0 | _aCatalogue of the native poultry of Southeast Asia / |
| 260 |
_aTaipei : _bFood and Fertilizer Technology Center for the Asian and Pacific Region ; _aTainan : _bTaiwan Livestock Research Institute, _c[1991] |
||
| 300 |
_a127 p. : _bcol. ill. ; _c26 cm. |
||
| 500 | _a"October 1991." | ||
| 650 | 0 | _aPoultry breeds | |
| 700 | 1 | _aWu, Ming-Che. | |
| 700 | 1 | _aGuzman, M. R. de | |
| 700 | 1 | _aBay-Petersen, Jan. | |
| 710 | 2 | _aAsian and Pacific Council. | |
| 710 | 2 | _aTʻai-wan sheng chʻu chʻan shih yen so. | |
| 942 | _cAEDBB | ||
| 999 |
_c18954 _d18954 |
||